[Event "FIN-chT 2022"]
[Site "Finland"]
[Date "2020.09.12"]
[Round "1.6"]
[White "Hosia, Akseli"]
[Black "Makela, Lauri"]
[Result "0-1"]
[WhiteElo "1933"]
[BlackElo "2096"]
[PlyCount "52"]
[EventDate "2020.09.12"]
[EventType "team-tourn"]
[EventRounds "11"]
[EventCountry "FIN"]
[SourceTitle "EXT 2023"]
[Source "ChessBase"]
[SourceDate "2022.10.05"]
[SourceVersion "1"]
[SourceVersionDate "2022.10.05"]
[SourceQuality "1"]
[WhiteTeam "Turku TuTS"]
[BlackTeam "Sastamala VammSK II"]
[WhiteTeamCountry "FIN"]
[BlackTeamCountry "FIN"]

1. Nf3 d5 2. c4 e6 3. g3 Nf6 4. Bg2 d4 5. e3 Nc6 6. Nxd4 Nxd4 7. exd4 Qxd4 8. Qe2 Bc5 9. Nc3 0-0 10. Nb5 Qd8 11. 0-0 c6 12. Na3 Re8 13. Nc2 e5 14. b4 Bf5 15. bxc5 Bxc2 16. d4 Bg6 17. d5 cxd5 18. cxd5 e4 19. Rd1 Bh5 20. Qc2 Bxd1 21. Qxd1 Qxd5 22. Qxd5 Nxd5 23. Rb1 b6 24. f3 Nc3 25. Rb2 e3 26. Rc2 Rad8 0-1

[Event "FIN-chT1A 1718"]
[Site "Finland"]
[Date "2017.12.02"]
[Round "4.4"]
[White "Vetelaeinen, Tomi"]
[Black "Hosia, Akseli"]
[Result "0-1"]
[WhiteElo "2061"]
[BlackElo "1923"]
[PlyCount "54"]
[EventDate "2017.09.16"]
[EventType "team-tourn"]
[EventRounds "7"]
[EventCountry "FIN"]
[SourceTitle "EXT 2020"]
[Source "ChessBase"]
[SourceDate "2019.10.17"]
[SourceVersion "1"]
[SourceVersionDate "2019.10.17"]
[SourceQuality "1"]
[WhiteTeam "Vantaa Remi"]
[BlackTeam "Turku TuTS II"]
[WhiteTeamCountry "FIN"]
[BlackTeamCountry "FIN"]

1. d4 e6 2. c4 d5 3. Nc3 Nf6 4. cxd5 exd5 5. Bg5 Be7 6. Qc2 Be6 7. e3 Nbd7 8. Bd3 c5 9. Nge2 h6 10. Bh4 g5 11. Bg3 Qb6 12. Rb1 Nh5 13. dxc5 Bxc5 14. 0-0 Nxg3 15. Nxg3 Rc8 16. Bb5 d4 17. Nce4 0-0 18. Qa4 Rfd8 19. Rbc1 a6 20. Be2 dxe3 21. f4 gxf4 22. Rxf4 Qxb2 23. Rc2 Qe5 24. Rh4 Qa1+ 25. Nf1 Bf8 26. Bg4 Nb6 27. Nf6+ Qxf6 0-1

[Event "FIN-chT1A 1617"]
[Site "Finland"]
[Date "2016.10.08"]
[Round "3.4"]
[White "Pollari, Pasi"]
[Black "Hosia, Akseli"]
[Result "1-0"]
[WhiteElo "2146"]
[BlackElo "1917"]
[PlyCount "31"]
[EventDate "2016.09.17"]
[EventType "team-tourn"]
[EventRounds "7"]
[EventCountry "FIN"]
[SourceTitle "EXT 2019"]
[Source "ChessBase"]
[SourceDate "2018.10.10"]
[SourceVersion "1"]
[SourceVersionDate "2018.10.10"]
[SourceQuality "1"]
[WhiteTeam "Helsinki HSK"]
[BlackTeam "Turku TuTS II"]
[WhiteTeamCountry "FIN"]
[BlackTeamCountry "FIN"]

1. e4 e6 2. Nf3 d5 3. exd5 exd5 4. c4 Nf6 5. cxd5 Nxd5 6. Nc3 Be7 7. Bc4 Nxc3 8. bxc3 0-0 9. 0-0 Bg4 10. Re1 Nc6 11. d4 Na5 12. Bd3 Re8 13. h3 Bxf3 14. Qxf3 Bf6 15. Ba3 Qd7 16. Qh5 1-0

[Event "FIN-chT1A 1415"]
[Site "Finland"]
[Date "2014.10.18"]
[Round "2.4"]
[White "Rosi, Aleksei"]
[Black "Hosia, Akseli"]
[Result "1/2-1/2"]
[WhiteElo "2105"]
[BlackElo "1902"]
[PlyCount "99"]
[EventDate "2014.09.27"]
[EventType "team-tourn"]
[EventRounds "7"]
[EventCountry "FIN"]
[SourceTitle "EXT 2017"]
[Source "ChessBase"]
[SourceDate "2016.10.25"]
[SourceVersion "1"]
[SourceVersionDate "2016.10.25"]
[SourceQuality "1"]
[WhiteTeam "Loimaa SK"]
[BlackTeam "Turku TuTS II"]
[WhiteTeamCountry "FIN"]
[BlackTeamCountry "FIN"]

1. e4 e6 2. d4 d5 3. Nc3 Bb4 4. e5 c5 5. a3 Bxc3+ 6. bxc3 Qc7 7. Qg4 f5 8. Qg3 cxd4 9. cxd4 Ne7 10. Bd2 0-0 11. Bd3 b6 12. Ne2 Ba6 13. 0-0 Bxd3 14. Qxd3 Qc4 15. Qxc4 dxc4 16. Nf4 Kf7 17. h4 Nbc6 18. c3 Ng6 19. Nxg6 Kxg6 20. a4 h6 21. Bc1 Kh5 22. g3 g5 23. hxg5 hxg5 24. Ba3 Rf7 25. Kg2 f4 26. Rh1+ Kg6 27. g4 Rd8 28. Rh5 Rh7 29. Rah1 Rxh5 30. gxh5+ Kf5 31. f3 Rh8 32. Bd6 Rh7 33. h6 Kg6 34. Bf8 Ne7 35. Rb1 Nf5 36. a5 Rf7 37. Bg7 Rb7 38. Rb5 Ne3+ 39. Kh3 Nd5 40. axb6 axb6 41. Rxd5 exd5 42. Kg4 Rb8 43. Bf6 Kxh6 44. Bxg5+ Kg6 45. Kxf4 b5 46. Be7 Kf7 47. Bb4 Ke6 48. Kg4 Rg8+ 49. Kf4 Rg1 50. Bc5 1/2-1/2

[Event "FIN-ch op"]
[Site "Mantta"]
[Date "2011.07.31"]
[Round "9"]
[White "Riihimaki, Pekka"]
[Black "Hosia, Akseli"]
[Result "0-1"]
[WhiteElo "1971"]
[BlackElo "1816"]
[PlyCount "96"]
[EventDate "2011.07.25"]
[EventType "swiss"]
[EventRounds "9"]
[EventCountry "FIN"]
[SourceTitle "EXT 2022"]
[Source "ChessBase"]
[SourceDate "2021.10.06"]
[SourceVersion "1"]
[SourceVersionDate "2021.10.06"]
[SourceQuality "1"]

1. e4 e6 2. d4 d5 3. Nd2 Nf6 4. e5 Nfd7 5. f4 c5 6. c3 Nc6 7. Ngf3 Be7 8. g3 h5 9. h4 Qb6 10. Nb3 a5 11. a4 cxd4 12. cxd4 Bb4+ 13. Kf2 f6 14. Be3 Kf7 15. Bd3 Be7 16. Rf1 Nb4 17. Be2 Nb8 18. Ne1 N8a6 19. Bxh5+ g6 20. Be2 f5 21. Rh1 Bd7 22. Kg2 Rag8 23. Bxa6 Qxa6 24. Nc5 Bxc5 25. dxc5 Qc4 26. Bd4 Nc6 27. Nf3 Nxd4 28. Qxd4 Qe2+ 29. Qf2 Qe4 30. Kh3 Ke7 31. Rhe1 Qb4 32. Qd4 Rc8 33. Qxb4 axb4 34. Rec1 Rc7 35. Nd2 Ra8 36. b3 Rac8 37. Nf3 Rxc5 38. Rxc5 Rxc5 39. Nd4 b6 40. Rd1 Bc8 41. Rd2 Ba6 42. Kg2 Kd7 43. Kf2 Rc3 44. Kg2 Bd3 45. Kf2 Be4 46. Ke2 Rxg3 47. Ke1 Rh3 48. Ne2 Rxb3 0-1

[Event "FIN-ch op"]
[Site "Mantta"]
[Date "2011.07.28"]
[Round "6"]
[White "Hosia, Akseli"]
[Black "Sorvari, Jarmo"]
[Result "1/2-1/2"]
[WhiteElo "1816"]
[BlackElo "1958"]
[PlyCount "44"]
[EventDate "2011.07.25"]
[EventType "swiss"]
[EventRounds "9"]
[EventCountry "FIN"]
[SourceTitle "EXT 2022"]
[Source "ChessBase"]
[SourceDate "2021.10.06"]
[SourceVersion "1"]
[SourceVersionDate "2021.10.06"]
[SourceQuality "1"]

1. d4 Nf6 2. c4 e6 3. g3 Bb4+ 4. Nd2 0-0 5. a3 Bxd2+ 6. Bxd2 d6 7. Bg2 Nbd7 8. Nf3 c5 9. 0-0 Qc7 10. Rc1 a6 11. b4 b6 12. Qc2 Bb7 13. dxc5 bxc5 14. Ng5 Bxg2 15. Kxg2 Rfc8 16. e4 Qb7 17. f3 h6 18. Nh3 d5 19. exd5 exd5 20. Qf5 cxb4 21. Bxb4 dxc4 22. Rfd1 Qb5 1/2-1/2

[Event "FIN-ch U18/20"]
[Site "Turku"]
[Date "2011.06.11"]
[Round "5"]
[White "Torkkola, Henri"]
[Black "Hosia, Akseli"]
[Result "1-0"]
[WhiteElo "1956"]
[BlackElo "1840"]
[PlyCount "65"]
[EventDate "2011.06.09"]
[EventType "tourn"]
[EventRounds "7"]
[EventCountry "FIN"]
[SourceTitle "EXT 2022"]
[Source "ChessBase"]
[SourceDate "2021.10.06"]
[SourceVersion "1"]
[SourceVersionDate "2021.10.06"]
[SourceQuality "1"]

1. c4 Nf6 2. g3 c6 3. Bg2 e5 4. d4 exd4 5. Qxd4 b6 6. Nf3 Be7 7. 0-0 Bb7 8. Nc3 0-0 9. Rd1 Na6 10. Nh4 d5 11. Nf5 Nc7 12. cxd5 Bc5 13. Qh4 Nfxd5 14. Qg4 Ne6 15. e4 Nf6 16. Nh6+ Kh8 17. Rxd8 Bxf2+ 18. Kh1 Nxg4 19. Rxf8+ Rxf8 20. Nxg4 Bd4 21. Be3 Bxc3 22. bxc3 f6 23. Rd1 h5 24. Nf2 Rf7 25. Bf3 g6 26. Nd3 c5 27. Kg2 Nc7 28. Nf4 Kg7 29. c4 Re7 30. Kf2 Na6 31. Nd5 Rf7 32. a4 Bxd5 33. exd5 1-0

[Event "Loimaa We LoimSK"]
[Site "Loimaa"]
[Date "2011.??.??"]
[Round "4"]
[White "Hosia, Akseli"]
[Black "Pietinen, Pekka"]
[Result "1-0"]
[WhiteElo "1840"]
[BlackElo "2006"]
[PlyCount "75"]
[EventDate "2011.??.??"]
[EventType "swiss"]
[EventRounds "5"]
[EventCountry "FIN"]
[SourceTitle "EXT 2022"]
[Source "ChessBase"]
[SourceDate "2021.10.06"]
[SourceVersion "1"]
[SourceVersionDate "2021.10.06"]
[SourceQuality "1"]

1. Nf3 d6 2. g3 e5 3. d4 Nc6 4. d5 Nb8 5. Bg2 Nf6 6. 0-0 Be7 7. c4 0-0 8. Nc3 Bf5 9. Nh4 Bg4 10. h3 Bh5 11. Nf5 Nbd7 12. g4 Bg6 13. e4 Ne8 14. Be3 Bg5 15. Qd2 Bxe3 16. Qxe3 a5 17. a3 a4 18. f4 b6 19. Rae1 exf4 20. Qxf4 Ne5 21. Qg3 Nf6 22. Nb5 Nfd7 23. Nfd4 Nc5 24. Nc6 Nxc6 25. dxc6 f6 26. g5 fxg5 27. Rxf8+ Kxf8 28. e5 Nd3 29. Rf1+ Nf4 30. exd6 Kg8 31. Rxf4 gxf4 32. Bd5+ Kh8 33. Qxf4 Qe8 34. Nxc7 Qe1+ 35. Kh2 Qe2+ 36. Bg2 Rc8 37. d7 Rxc7 38. Qf8# 1-0

[Event "Turku We TSY"]
[Site "Turku"]
[Date "2011.??.??"]
[Round "3"]
[White "Tocklin, Tomi"]
[Black "Hosia, Akseli"]
[Result "0-1"]
[WhiteElo "1928"]
[BlackElo "1840"]
[PlyCount "73"]
[EventDate "2011.??.??"]
[EventType "swiss"]
[EventRounds "5"]
[EventCountry "FIN"]
[SourceTitle "EXT 2022"]
[Source "ChessBase"]
[SourceDate "2021.10.06"]
[SourceVersion "1"]
[SourceVersionDate "2021.10.06"]
[SourceQuality "1"]

1. e4 e6 2. d4 d5 3. exd5 exd5 4. Bf4 Nf6 5. Nf3 Be7 6. Bd3 0-0 7. 0-0 Bg4 8. Nbd2 Nbd7 9. c3 c6 10. Qc2 Re8 11. Rfe1 Nf8 12. Ne5 Bh5 13. Ndf3 Bxf3 14. Nxf3 Ng6 15. Bg5 Nh5 16. Bxe7 Rxe7 17. g3 Rxe1+ 18. Rxe1 Qf6 19. Ne5 Re8 20. Qd1 Nxe5 21. dxe5 Rxe5 22. f4 Rxe1+ 23. Qxe1 Qe6 24. Qxe6 fxe6 25. Kf2 Nf6 26. Kf3 Kf7 27. g4 h6 28. h4 Nd7 29. h5 Kf6 30. Kg3 e5 31. Bf5 Nc5 32. b3 Ne4+ 33. Bxe4 dxe4 34. c4 e3 35. fxe5+ Kxe5 36. Kf3 Kd4 37. Ke2 0-1